[Event "Menchik Memorial 10th"]
[Site "London"]
[Date "2025.03.22"]
[Round "5.2"]
[White "Zimina, Olga"]
[Black "Navrotescu, Andreea"]
[Result "0-1"]
[WhiteElo "2293"]
[BlackElo "2288"]
[PlyCount "104"]
[EventDate "2025.03.20"]
[EventType "tourn"]
[EventRounds "9"]
[EventCountry "ENG"]
[EventCategory "2"]
[SourceTitle "BritBase"]
[Source "John Saunders"]
[SourceDate "2025.03.26"]
[SourceVersion "1"]
[SourceVersionDate "2025.03.26"]
[SourceQuality "1"]

1. d4 Nf6 2. Nf3 e6 3. e3 d5 4. Bd3 c5 5. b3 Nc6 6. Bb2 cxd4 7. exd4 g6 8. O-O Bg7 9. Ba3 Ne4 10. Re1 f5 11. c3 Bd7 12. Nfd2 Rc8 13. f3 Nxc3 14. Nxc3 Bxd4+ 15. Kh1 Bxc3 16. Re2 Nd4 17. Rf2 Qa5 18. Bd6 Nb5 19. Bxb5 Qxb5 20. Re2 Kf7 21. Rc1 Bf6 22. Bc7 Bd8 23. a4 Qd3 24. Be5 Rxc1 25. Qxc1 Qxe2 26. Bxh8 Ba5 27. Nf1 Qe1 28. Qxe1 Bxe1 29. Bd4 f4 30. g3 fxg3 31. hxg3 b5 32. Bxa7 bxa4 33. bxa4 Bxa4 34. Kg2 e5 35. Be3 Bb5 36. Nd2 h5 37. Kh3 Be2 38. Kg2 d4 39. Bh6 Ke6 40. Ne4 Kd5 41. Nf6+ Ke6 42. Ne4 Bb5 43. Bg7 d3 44. Bh6 Kd5 45. Be3 Bb4 46. Nd2 Bc5 47. Bh6 Bb6 48. Ne4 Ba6 49. Nd2 Kd4 50. Bg7 Ke3 51. Nf1+ Ke2 52. Bxe5 Bb7 0-1

[Event "Menchik Memorial 10th"]
[Site "London"]
[Date "2025.03.22"]
[Round "5.3"]
[White "Sliwicka, Alicja"]
[Black "Van Foreest, Machteld"]
[Result "1-0"]
[WhiteElo "2342"]
[BlackElo "2352"]
[PlyCount "55"]
[EventDate "2025.03.20"]
[EventType "tourn"]
[EventRounds "9"]
[EventCountry "ENG"]
[EventCategory "2"]
[SourceTitle "BritBase"]
[Source "John Saunders"]
[SourceDate "2025.03.26"]
[SourceVersion "1"]
[SourceVersionDate "2025.03.26"]
[SourceQuality "1"]

1. e4 c6 2. d4 d5 3. e5 Bf5 4. h4 h5 5. c4 e6 6. Nc3 Ne7 7. Nge2 dxc4 8. Ng3 Bd3 9. Bxd3 cxd3 10. Qxd3 Nd5 11. Bg5 Qb6 12. O-O Na6 13. Rad1 Nab4 14. Qf3 Nc2 15. Qd3 Ncb4 16. Qe2 Qa5 17. a3 Nxc3 18. bxc3 Nd5 19. c4 Ne7 20. Ne4 Nf5 21. d5 Bc5 22. d6 Bd4 23. d7+ Kxd7 24. Qb2 Qxe5 25. Qxb7+ Qc7 26. Nc5+ Kd6 27. Bf4+ e5 28. Bxe5+ 1-0

[Event "Menchik Memorial 10th"]
[Site "London"]
[Date "2025.03.22"]
[Round "5.4"]
[White "Hunt, Harriet V"]
[Black "Mirzoeva, Elmira"]
[Result "0-1"]
[WhiteElo "2296"]
[BlackElo "2272"]
[PlyCount "116"]
[EventDate "2025.03.20"]
[EventType "tourn"]
[EventRounds "9"]
[EventCountry "ENG"]
[EventCategory "2"]
[SourceTitle "BritBase"]
[Source "John Saunders"]
[SourceDate "2025.03.26"]
[SourceVersion "1"]
[SourceVersionDate "2025.03.26"]
[SourceQuality "1"]

1. e4 c6 2. d4 d5 3. e5 Bf5 4. Nf3 e6 5. Be2 c5 6. Be3 Qb6 7. Nc3 Nc6 8. O-O Qxb2 9. Qe1 cxd4 10. Bxd4 Nxd4 11. Nxd4 Bb4 12. Ndb5 Ba5 13. Rb1 Qxc2 14. Rc1 Qb2 15. Nd6+ Kf8 16. Nxf5 exf5 17. Na4 Bxe1 18. Nxb2 Bb4 19. Nd3 Ba5 20. Rc5 Bb6 21. Rxd5 Ne7 22. Rd7 Nc6 23. Rxb7 Nd4 24. Bd1 g6 25. e6 Nxe6 26. Ne5 Nd8 27. Rd7 Kg7 28. Bb3 Rf8 29. Re1 Rc8 30. Nc4 Bc5 31. Re5 Kf6 32. g3 Ne6 33. Red5 Rfd8 34. Nd2 Bb6 35. Nc4 Bc5 36. Nd2 Rxd7 37. Rxd7 Rb8 38. Kf1 Rb4 39. Nc4 Nd4 40. Rc7 Nxb3 41. axb3 Bd4 42. Rd7 Bb6 43. Rd3 Ke6 44. f4 f6 45. Ke2 Bc5 46. Nd2 g5 47. Rc3 Bb6 48. Nc4 Bd4 49. Rd3 Bc5 50. Rc3 h5 51. fxg5 fxg5 52. Nd2 Kd5 53. Rf3 Ke6 54. Rc3 Kd5 55. Rf3 f4 56. gxf4 Rxf4 57. Rd3+ Ke6 58. Rc3 Rf2+ 0-1

[Event "Menchik Memorial 10th"]
[Site "London"]
[Date "2025.03.22"]
[Round "5.5"]
[White "Schulze, Lara"]
[Black "Unuk, Laura"]
[Result "1/2-1/2"]
[WhiteElo "2313"]
[BlackElo "2301"]
[PlyCount "40"]
[EventDate "2025.03.20"]
[EventType "tourn"]
[EventRounds "9"]
[EventCountry "ENG"]
[EventCategory "2"]
[SourceTitle "BritBase"]
[Source "John Saunders"]
[SourceDate "2025.03.26"]
[SourceVersion "1"]
[SourceVersionDate "2025.03.26"]
[SourceQuality "1"]

1. e4 e5 2. Nf3 Nc6 3. Bc4 Nf6 4. d3 d5 5. exd5 Nxd5 6. O-O Be7 7. Re1 f6 8. h3 Be6 9. d4 Ne3 10. Bxe3 Bxc4 11. Nbd2 Bf7 12. dxe5 fxe5 13. Qe2 O-O 14. Nb3 Qc8 15. Bc5 Bxc5 16. Nxc5 Nd4 17. Qe4 Bg6 18. Qd5+ Bf7 19. Qe4 Bg6 20. Qd5+ Bf7 1/2-1/2

[Event "Menchik Memorial 10th"]
[Site "London"]
[Date "2025.03.22"]
[Round "6.1"]
[White "Yao, Lan"]
[Black "Unuk, Laura"]
[Result "0-1"]
[WhiteElo "2294"]
[BlackElo "2301"]
[PlyCount "68"]
[EventDate "2025.03.20"]
[EventType "tourn"]
[EventRounds "9"]
[EventCountry "ENG"]
[EventCategory "2"]
[SourceTitle "BritBase"]
[Source "John Saunders"]
[SourceDate "2025.03.26"]
[SourceVersion "1"]
[SourceVersionDate "2025.03.26"]
[SourceQuality "1"]

1. e4 c6 2. d4 d5 3. Nd2 dxe4 4. Nxe4 Nf6 5. Nxf6+ exf6 6. c3 Bd6 7. Bd3 O-O 8. Qc2 Re8+ 9. Ne2 h6 10. O-O Nd7 11. h3 Nf8 12. Nf4 Qc7 13. Nh5 Qa5 14. Qd1 Be6 15. Bxh6 gxh6 16. Nxf6+ Kh8 17. Nxe8 Rxe8 18. f4 Nh7 19. f5 Bd5 20. c4 Qb6 21. Rf2 Qxd4 22. cxd5 Bg3 23. Qf1 Bxf2+ 24. Qxf2 Qxd3 25. dxc6 bxc6 26. Rc1 Qd7 27. Qf3 c5 28. Rd1 Qe7 29. Qc6 Nf6 30. Kh1 Kg7 31. Rc1 Ne4 32. f6+ Nxf6 33. Rxc5 Qe1+ 34. Kh2 Ng4+ 0-1

[Event "Menchik Memorial 10th"]
[Site "London"]
[Date "2025.03.22"]
[Round "6.2"]
[White "Mirzoeva, Elmira"]
[Black "Schulze, Lara"]
[Result "1/2-1/2"]
[WhiteElo "2272"]
[BlackElo "2313"]
[PlyCount "66"]
[EventDate "2025.03.20"]
[EventType "tourn"]
[EventRounds "9"]
[EventCountry "ENG"]
[EventCategory "2"]
[SourceTitle "BritBase"]
[Source "John Saunders"]
[SourceDate "2025.03.26"]
[SourceVersion "1"]
[SourceVersionDate "2025.03.26"]
[SourceQuality "1"]

1. d4 Nf6 2. c4 e6 3. Nf3 b6 4. g3 Ba6 5. Qb3 d5 6. cxd5 Qxd5 7. Qxd5 Nxd5 8. a3 f5 9. Nc3 c6 10. Bd2 Nd7 11. Rc1 Nxc3 12. Rxc3 Rc8 13. Ng5 Ke7 14. Re3 Bc4 15. Bg2 h6 16. b3 Bxb3 17. Rxb3 hxg5 18. Bxg5+ Kf7 19. O-O Be7 20. Bxe7 Kxe7 21. Rc1 c5 22. Rbc3 Rcd8 23. e3 Kf6 24. a4 e5 25. dxc5 Nxc5 26. a5 Rd6 27. Rb1 Rhd8 28. Bf3 g5 29. axb6 axb6 30. h4 Rh8 31. hxg5+ Kxg5 32. Rc2 e4 33. Bg2 Rhh6 1/2-1/2

[Event "Menchik Memorial 10th"]
[Site "London"]
[Date "2025.03.22"]
[Round "6.3"]
[White "Van Foreest, Machteld"]
[Black "Hunt, Harriet V"]
[Result "1/2-1/2"]
[WhiteElo "2352"]
[BlackElo "2296"]
[PlyCount "75"]
[EventDate "2025.03.20"]
[EventType "tourn"]
[EventRounds "9"]
[EventCountry "ENG"]
[EventCategory "2"]
[SourceTitle "BritBase"]
[Source "John Saunders"]
[SourceDate "2025.03.26"]
[SourceVersion "1"]
[SourceVersionDate "2025.03.26"]
[SourceQuality "1"]

1. e4 c5 2. Nf3 d6 3. Nc3 a6 4. g3 Nf6 5. Bg2 e5 6. a4 Nc6 7. d3 h6 8. O-O g6 9. Be3 Bg7 10. h3 O-O 11. Nd2 Rb8 12. Ne2 b5 13. axb5 axb5 14. c3 Nd7 15. Nf3 Nb6 16. b4 Qe7 17. Qd2 Kh7 18. Rfb1 cxb4 19. cxb4 Na4 20. Rc1 Bd7 21. Rc2 Rfc8 22. Rac1 d5 23. exd5 Nxb4 24. Bc5 Rxc5 25. Rxc5 Nxc5 26. Qxb4 Bf8 27. d4 exd4 28. Nexd4 Qd6 29. Nc6 Rb6 30. Nfe5 Bxc6 31. Nxc6 Nd3 32. Qd4 Nxc1 33. Qxb6 Ne2+ 34. Kh2 Qc5 35. Qxc5 Bxc5 36. Bf1 Nc3 37. Nd8 Nxd5 38. Bxb5 1/2-1/2

[Event "Menchik Memorial 10th"]
[Site "London"]
[Date "2025.03.22"]
[Round "6.4"]
[White "Navrotescu, Andreea"]
[Black "Sliwicka, Alicja"]
[Result "1/2-1/2"]
[WhiteElo "2288"]
[BlackElo "2342"]
[PlyCount "60"]
[EventDate "2025.03.20"]
[EventType "tourn"]
[EventRounds "9"]
[EventCountry "ENG"]
[EventCategory "2"]
[SourceTitle "BritBase"]
[Source "John Saunders"]
[SourceDate "2025.03.26"]
[SourceVersion "1"]
[SourceVersionDate "2025.03.26"]
[SourceQuality "1"]

1. c4 e6 2. Nf3 Nf6 3. g3 d5 4. Bg2 d4 5. O-O c5 6. e3 Nc6 7. exd4 cxd4 8. d3 Bd6 9. Bg5 h6 10. Bxf6 Qxf6 11. Nbd2 Qe7 12. Re1 O-O 13. Nb3 Rd8 14. Nbxd4 Nxd4 15. Nxd4 Bxg3 16. hxg3 Rxd4 17. Re4 Qd8 18. Rxd4 Qxd4 19. Qb3 Rb8 20. Re1 b6 21. Re4 Qd7 22. Qc3 Bb7 23. Rg4 f5 24. Rd4 Qe7 25. Qe1 Bxg2 26. Kxg2 e5 27. Rd5 Re8 28. Qe2 Qe6 29. Qf3 Rf8 30. Qe3 Re8 1/2-1/2

[Event "Menchik Memorial 10th"]
[Site "London"]
[Date "2025.03.22"]
[Round "6.5"]
[White "Toma, Katarzyna"]
[Black "Zimina, Olga"]
[Result "0-1"]
[WhiteElo "2177"]
[BlackElo "2293"]
[PlyCount "46"]
[EventDate "2025.03.20"]
[EventType "tourn"]
[EventRounds "9"]
[EventCountry "ENG"]
[EventCategory "2"]
[SourceTitle "BritBase"]
[Source "John Saunders"]
[SourceDate "2025.03.26"]
[SourceVersion "1"]
[SourceVersionDate "2025.03.26"]
[SourceQuality "1"]

1. e4 e5 2. Nf3 Nc6 3. d4 exd4 4. Nxd4 Qf6 5. Nf3 Bb4+ 6. c3 Bc5 7. Be2 d6 8. O-O h6 9. Nbd2 a5 10. a4 Nge7 11. Nb3 Bb6 12. Nbd4 Ng6 13. Be3 O-O 14. Qd2 Re8 15. Nb5 Bxe3 16. Qxe3 Re7 17. Rad1 Nf4 18. Bc4 Bg4 19. Nbd4 d5 20. exd5 Rxe3 21. fxe3 Ne5 22. Bb3 Nxf3+ 23. Nxf3 Qb6 0-1

[Event "Menchik Memorial 10th"]
[Site "London"]
[Date "2025.03.23"]
[Round "7.2"]
[White "Sliwicka, Alicja"]
[Black "Toma, Katarzyna"]
[Result "1/2-1/2"]
[WhiteElo "2342"]
[BlackElo "2177"]
[PlyCount "74"]
[EventDate "2025.03.20"]
[EventType "tourn"]
[EventRounds "9"]
[EventCountry "ENG"]
[EventCategory "2"]
[SourceTitle "BritBase"]
[Source "John Saunders"]
[SourceDate "2025.03.26"]
[SourceVersion "1"]
[SourceVersionDate "2025.03.26"]
[SourceQuality "1"]

1. e4 c5 2. Nf3 Nc6 3. d4 cxd4 4. Nxd4 Qb6 5. Nb3 Nf6 6. Nc3 e6 7. Bd3 d6 8. O-O Be7 9. Kh1 a6 10. f4 Qc7 11. Qf3 Nb4 12. Bd2 Nxd3 13. cxd3 O-O 14. Rfc1 Qd8 15. Na4 b6 16. Nd4 Bd7 17. Nc6 Bxc6 18. Rxc6 Nd7 19. Be3 Rb8 20. Rc2 b5 21. Nc3 Qa5 22. Bd2 b4 23. Ne2 Rfc8 24. Rxc8+ Rxc8 25. a3 d5 26. Rf1 dxe4 27. dxe4 Qb5 28. axb4 Bxb4 29. Nc3 Qb7 30. f5 Nf6 31. fxe6 fxe6 32. Qh3 Re8 33. e5 Nd5 34. Qh5 Rf8 35. Rxf8+ Bxf8 36. Nxd5 Qxd5 37. Bc3 Qd3 1/2-1/2

[Event "Menchik Memorial 10th"]
[Site "London"]
[Date "2025.03.23"]
[Round "7.4"]
[White "Schulze, Lara"]
[Black "Van Foreest, Machteld"]
[Result "1/2-1/2"]
[WhiteElo "2313"]
[BlackElo "2352"]
[PlyCount "114"]
[EventDate "2025.03.20"]
[EventType "tourn"]
[EventRounds "9"]
[EventCountry "ENG"]
[EventCategory "2"]
[SourceTitle "BritBase"]
[Source "John Saunders"]
[SourceDate "2025.03.26"]
[SourceVersion "1"]
[SourceVersionDate "2025.03.26"]
[SourceQuality "1"]

1. e4 c5 2. Nf3 e6 3. c3 d5 4. exd5 exd5 5. Bb5+ Bd7 6. Bxd7+ Nxd7 7. O-O Bd6 8. d4 Ne7 9. Bg5 O-O 10. Bxe7 Bxe7 11. dxc5 Nxc5 12. Nbd2 Qb6 13. Nb3 Rfd8 14. Nxc5 Bxc5 15. Qd2 d4 16. b4 Be7 17. Nxd4 Bxb4 18. Rab1 Bxc3 19. Qxc3 Qxd4 20. Qxd4 Rxd4 21. Rxb7 Rd2 22. Rfb1 Rad8 23. Rb8 g6 24. Rxd8+ Rxd8 25. g3 Rd2 26. a4 Rd4 27. h4 Rxa4 28. Rb8+ Kg7 29. Ra8 h5 30. Kg2 Kf6 31. Kf3 Kf5 32. Rc8 Ra3+ 33. Kg2 Ra5 34. Ra8 Ke4 35. Re8+ Kd4 36. Re7 f6 37. Re6 g5 38. Rxf6 g4 39. f3 Ra2+ 40. Kg1 Ke5 41. Rf7 Ke6 42. Rf8 Ra3 43. Re8+ Kf6 44. Rh8 Ra1+ 45. Kf2 Ra2+ 46. Kf1 gxf3 47. Rf8+ Ke5 48. Rxf3 a5 49. Rf8 Ke4 50. Rh8 Kf3 51. Ke1 Re2+ 52. Kd1 Re5 53. Rg8 a4 54. Kc2 a3 55. Kb3 Kg2 56. Rg5 Re3+ 57. Ka2 Rxg3 1/2-1/2

[Event "Menchik Memorial 10th"]
[Site "London"]
[Date "2025.03.23"]
[Round "7.5"]
[White "Unuk, Laura"]
[Black "Mirzoeva, Elmira"]
[Result "0-1"]
[WhiteElo "2301"]
[BlackElo "2272"]
[PlyCount "100"]
[EventDate "2025.03.20"]
[EventType "tourn"]
[EventRounds "9"]
[EventCountry "ENG"]
[EventCategory "2"]
[SourceTitle "BritBase"]
[Source "John Saunders"]
[SourceDate "2025.03.26"]
[SourceVersion "1"]
[SourceVersionDate "2025.03.26"]
[SourceQuality "1"]

1. d4 Nf6 2. Bf4 b6 3. Nc3 Bb7 4. f3 d5 5. Nb5 Na6 6. e3 c6 7. Nc3 e6 8. g4 Be7 9. Qd2 Nc7 10. O-O-O b5 11. Kb1 a5 12. h4 a4 13. Qh2 Na6 14. Nce2 b4 15. Nc1 Qb6 16. Nge2 O-O-O 17. Nd3 c5 18. dxc5 Nxc5 19. Nxc5 Bxc5 20. Nd4 Nd7 21. Bb5 f6 22. Bxa4 e5 23. Nb3 exf4 24. Bxd7+ Rxd7 25. Nxc5 Qxc5 26. Qxf4 Rc7 27. Rd2 Re8 28. Re1 h6 29. g5 fxg5 30. hxg5 h5 31. g6 Kb8 32. Qg5 Ka7 33. Qxh5 Rxe3 34. Rc1 Qc4 35. Qh1 Qc5 36. f4 d4 37. Qd1 Bf3 38. Qf1 Be4 39. Qd1 Bf3 40. Qf1 Be4 41. Qg1 Bf5 42. Qd1 b3 43. axb3 Rxb3 44. Rxd4 Rxb2+ 45. Kxb2 Qc3+ 46. Ka2 Be6+ 47. Rd5 Qc4+ 48. Ka3 Qc3+ 49. Ka2 Qa5+ 50. Kb2 Rb7+ 0-1

[Event "Menchik Memorial 10th"]
[Site "London"]
[Date "2025.03.23"]
[Round "8.1"]
[White "Yao, Lan"]
[Black "Mirzoeva, Elmira"]
[Result "1/2-1/2"]
[WhiteElo "2294"]
[BlackElo "2272"]
[PlyCount "124"]
[EventDate "2025.03.20"]
[EventType "tourn"]
[EventRounds "9"]
[EventCountry "ENG"]
[EventCategory "2"]
[SourceTitle "BritBase"]
[Source "John Saunders"]
[SourceDate "2025.03.26"]
[SourceVersion "1"]
[SourceVersionDate "2025.03.26"]
[SourceQuality "1"]

1. e4 c6 2. d4 d5 3. Nd2 dxe4 4. Nxe4 Bf5 5. Ng3 Bg6 6. h4 h6 7. Nf3 Nd7 8. h5 Bh7 9. Bd3 Bxd3 10. Qxd3 e6 11. Bd2 Ngf6 12. O-O-O Be7 13. Kb1 Qc7 14. Ne4 O-O-O 15. g3 c5 16. Nxf6 Bxf6 17. Qa3 cxd4 18. Qxa7 Qc5 19. Qa8+ Kc7 20. Qa5+ Qxa5 21. Bxa5+ b6 22. Bb4 Nb8 23. Ba3 Nc6 24. b3 Rd5 25. Bb2 Rhd8 26. Nd2 b5 27. f4 Ra8 28. a3 Be7 29. b4 f6 30. Ne4 Rad8 31. Nf2 e5 32. fxe5 fxe5 33. Ne4 R8d7 34. Rhf1 Nd8 35. Rd3 Ne6 36. Bc1 Kc6 37. c3 Rd8 38. Kc2 R5d7 39. Kb3 Kd5 40. Re1 Rf8 41. Bb2 Rf5 42. cxd4 Nxd4+ 43. Bxd4 exd4 44. Nc3+ Kc6 45. Re6+ Kc7 46. Ne2 Rxh5 47. Rxd4 Rxd4 48. Nxd4 Bf6 49. Ne2 Re5 50. Rxe5 Bxe5 51. a4 bxa4+ 52. Kxa4 Kc6 53. Kb3 Kd5 54. Kc2 Ke4 55. Kd2 Kf3 56. b5 Bc7 57. Ke1 h5 58. Kf1 Ba5 59. Nd4+ Kxg3 60. Nf5+ Kf3 61. Nxg7 h4 62. Kg1 Ke4 1/2-1/2

[Event "Menchik Memorial 10th"]
[Site "London"]
[Date "2025.03.23"]
[Round "8.2"]
[White "Van Foreest, Machteld"]
[Black "Unuk, Laura"]
[Result "0-1"]
[WhiteElo "2352"]
[BlackElo "2301"]
[PlyCount "108"]
[EventDate "2025.03.20"]
[EventType "tourn"]
[EventRounds "9"]
[EventCountry "ENG"]
[EventCategory "2"]
[SourceTitle "BritBase"]
[Source "John Saunders"]
[SourceDate "2025.03.26"]
[SourceVersion "1"]
[SourceVersionDate "2025.03.26"]
[SourceQuality "1"]

1. e4 e5 2. Nf3 Nc6 3. Bc4 Nf6 4. d3 d5 5. exd5 Nxd5 6. O-O Be7 7. Re1 f6 8. Nc3 Be6 9. Ne4 Qd7 10. d4 O-O-O 11. dxe5 Nxe5 12. Nxe5 fxe5 13. Bg5 Kb8 14. Bxe7 Qxe7 15. Qh5 Bc8 16. Bxd5 Rxd5 17. Nc3 Rd2 18. Rxe5 Qb4 19. Rb5 Qd4 20. Qf3 Rxc2 21. Rd1 Rd2 22. Rd5 Rxd1+ 23. Qxd1 Qxd1+ 24. Rxd1 c6 25. Re1 Rd8 26. f4 b5 27. Re7 Rd2 28. Re2 Rxe2 29. Nxe2 Kc7 30. b4 c5 31. a3 Kc6 32. Nc3 a5 33. bxa5 b4 34. axb4 cxb4 35. Nd1 Kb5 36. Kf2 Kxa5 37. Nb2 b3 38. Ke3 Kb4 39. Kd2 Bf5 40. Nd1 g6 41. g3 h5 42. Nb2 Bc2 43. Kc1 Kc3 44. Na4+ Kd3 45. Nb6 Ke3 46. Nc4+ Kf2 47. Ne5 Bf5 48. Nc6 Kg2 49. Nd4 Kxh2 50. Nxb3 Kxg3 51. Kd1 h4 52. Nd2 h3 53. Ke2 h2 54. Nf1+ Kh3 0-1

[Event "Menchik Memorial 10th"]
[Site "London"]
[Date "2025.03.23"]
[Round "8.4"]
[White "Toma, Katarzyna"]
[Black "Hunt, Harriet V"]
[Result "1/2-1/2"]
[WhiteElo "2177"]
[BlackElo "2296"]
[PlyCount "49"]
[EventDate "2025.03.20"]
[EventType "tourn"]
[EventRounds "9"]
[EventCountry "ENG"]
[EventCategory "2"]
[SourceTitle "BritBase"]
[Source "John Saunders"]
[SourceDate "2025.03.26"]
[SourceVersion "1"]
[SourceVersionDate "2025.03.26"]
[SourceQuality "1"]

1. e4 c5 2. Nf3 d6 3. d4 cxd4 4. Nxd4 Nf6 5. f3 Nc6 6. c4 g6 7. Be3 Bg7 8. Qd2 O-O 9. Be2 Bd7 10. O-O a6 11. Nc3 Rb8 12. Nb3 Be6 13. Rac1 Nd7 14. Nd5 a5 15. Na1 Nc5 16. b3 f5 17. exf5 Bxf5 18. Nc2 Rf7 19. Rcd1 b6 20. Rfe1 Qf8 21. Bf1 Bd7 22. Rb1 Bf5 23. Rbd1 Bd7 24. Rb1 Bf5 25. Rbd1 1/2-1/2

[Event "Menchik Memorial 10th"]
[Site "London"]
[Date "2025.03.23"]
[Round "8.5"]
[White "Zimina, Olga"]
[Black "Sliwicka, Alicja"]
[Result "1/2-1/2"]
[WhiteElo "2293"]
[BlackElo "2342"]
[PlyCount "67"]
[EventDate "2025.03.20"]
[EventType "tourn"]
[EventRounds "9"]
[EventCountry "ENG"]
[EventCategory "2"]
[SourceTitle "BritBase"]
[Source "John Saunders"]
[SourceDate "2025.03.26"]
[SourceVersion "1"]
[SourceVersionDate "2025.03.26"]
[SourceQuality "1"]

1. d4 Nf6 2. Nf3 g6 3. Nbd2 d5 4. e3 Bg7 5. b4 a5 6. b5 c5 7. bxc6 Nxc6 8. Be2 O-O 9. O-O Bf5 10. a4 Nb4 11. Ne1 Rc8 12. c4 e5 13. Bb2 Nd7 14. cxd5 Nb6 15. e4 Bd7 16. dxe5 Qe8 17. Bd4 Bxa4 18. Qb1 Bb5 19. Rxa5 Bxe2 20. Bxb6 Bxf1 21. Kxf1 Bxe5 22. Bc5 b6 23. Bxb6 Bc3 24. Nef3 Rb8 25. Nc4 Qc8 26. Qb3 Na6 27. Rb5 Bg7 28. Qd3 Qd7 29. Nce5 Qb7 30. Nc4 Qd7 31. Nce5 Qb7 32. Nc4 Qd7 33. Nce5 Qb7 34. Nc6 1/2-1/2

[Event "Menchik Memorial 10th"]
[Site "London"]
[Date "2025.03.24"]
[Round "9.1"]
[White "Sliwicka, Alicja"]
[Black "Yao, Lan"]
[Result "1-0"]
[WhiteElo "2342"]
[BlackElo "2294"]
[PlyCount "115"]
[EventDate "2025.03.20"]
[EventType "tourn"]
[EventRounds "9"]
[EventCountry "ENG"]
[EventCategory "2"]
[SourceTitle "BritBase"]
[Source "John Saunders"]
[SourceDate "2025.03.26"]
[SourceVersion "1"]
[SourceVersionDate "2025.03.26"]
[SourceQuality "1"]

1. e4 c5 2. Nf3 Nc6 3. d4 cxd4 4. Nxd4 e5 5. Nb5 d6 6. N1c3 a6 7. Na3 Be7 8. Be3 Be6 9. Nc4 b5 10. Nb6 Rb8 11. Nbd5 Nf6 12. a4 b4 13. Nxf6+ Bxf6 14. Nd5 Bxd5 15. exd5 Nd4 16. Bxd4 exd4 17. Bxa6 O-O 18. O-O d3 19. Qxd3 Bxb2 20. Rae1 Re8 21. Bb5 Re7 22. Bc6 Bc3 23. Rxe7 Qxe7 24. a5 Qa7 25. a6 Bd4 26. g3 Bc5 27. Kg2 Qe7 28. Rb1 Rf8 29. Rd1 Qf6 30. Rd2 g6 31. Re2 Kg7 32. h4 h5 33. Qf3 Rc8 34. Qxf6+ Kxf6 35. Bb7 Rc7 36. Re8 Ba7 37. Bc6 Re7 38. Ra8 Bc5 39. Kf1 Ra7 40. Rxa7 Bxa7 41. f3 Ke7 42. Ke2 Kd8 43. Kd3 Bf2 44. Ke4 Ke7 45. Kf4 Kf6 46. Bb5 Kg7 47. Be2 Kf6 48. g4 Bc5 49. gxh5 gxh5 50. Ke4 Bf2 51. f4 Kg6 52. f5+ Kh6 53. Kd3 Bc5 54. Kc4 Kg7 55. Bxh5 Kf6 56. Bg4 Ke5 57. h5 Kf6 58. h6 1-0

[Event "Menchik Memorial 10th"]
[Site "London"]
[Date "2025.03.24"]
[Round "9.2"]
[White "Hunt, Harriet V"]
[Black "Zimina, Olga"]
[Result "1/2-1/2"]
[WhiteElo "2296"]
[BlackElo "2293"]
[PlyCount "77"]
[EventDate "2025.03.20"]
[EventType "tourn"]
[EventRounds "9"]
[EventCountry "ENG"]
[EventCategory "2"]
[SourceTitle "BritBase"]
[Source "John Saunders"]
[SourceDate "2025.03.26"]
[SourceVersion "1"]
[SourceVersionDate "2025.03.26"]
[SourceQuality "1"]

1. e4 e5 2. Nf3 Nc6 3. Bb5 Nf6 4. d3 Bc5 5. O-O Nd4 6. Nxd4 Bxd4 7. c3 Bb6 8. Na3 c6 9. Ba4 d6 10. Nc4 Bc7 11. Bb3 a5 12. Ne3 O-O 13. Qf3 a4 14. Bc2 d5 15. h3 a3 16. bxa3 dxe4 17. dxe4 Qe7 18. a4 Qc5 19. Nd1 Nd7 20. Bb3 Qe7 21. Ne3 Nb6 22. Nf5 Bxf5 23. Qxf5 Nxa4 24. Bg5 Qe8 25. Rad1 Nc5 26. Be3 Nxb3 27. axb3 f6 28. Bc5 Rf7 29. Ra1 Rd8 30. Ra7 Bb8 31. Ra8 Bc7 32. Rxd8 Qxd8 33. Ra1 g6 34. Qg4 Bb6 35. Bxb6 Qxb6 36. Ra8+ Kg7 37. Qe6 Qc5 38. Qe8 Qf8 39. Qxf8+ 1/2-1/2

[Event "Menchik Memorial 10th"]
[Site "London"]
[Date "2025.03.24"]
[Round "9.3"]
[White "Schulze, Lara"]
[Black "Toma, Katarzyna"]
[Result "1-0"]
[WhiteElo "2313"]
[BlackElo "2177"]
[PlyCount "87"]
[EventDate "2025.03.20"]
[EventType "tourn"]
[EventRounds "9"]
[EventCountry "ENG"]
[EventCategory "2"]
[SourceTitle "BritBase"]
[Source "John Saunders"]
[SourceDate "2025.03.26"]
[SourceVersion "1"]
[SourceVersionDate "2025.03.26"]
[SourceQuality "1"]

1. e4 c5 2. Nf3 e6 3. b3 Nc6 4. Bb2 a6 5. c4 Nf6 6. e5 Ng4 7. h3 Nh6 8. Nc3 d6 9. exd6 Nf5 10. Bd3 Nfd4 11. Ne4 Bxd6 12. Nxd4 Nxd4 13. Bxd4 cxd4 14. Nxd6+ Qxd6 15. Qh5 Bd7 16. O-O Rc8 17. Rfe1 h6 18. Qg4 Kf8 19. Rac1 a5 20. Qf3 b6 21. Qb7 g6 22. f4 Kg7 23. Qf3 Rhd8 24. Re5 Qa3 25. Ra1 a4 26. bxa4 Bxa4 27. h4 h5 28. Qe2 Qd6 29. Rf1 Bd7 30. Rg5 Rh8 31. Qe4 Bc6 32. Rxg6+ fxg6 33. Qxg6+ Kf8 34. Qf6+ Kg8 35. Qg6+ Kf8 36. f5 Qe5 37. fxe6+ Ke7 38. Rf7+ Kd6 39. e7+ Kc5 40. Rf5 Qxf5 41. Qxf5+ Kb4 42. Qe5 Rhg8 43. Be4 Bxe4 44. Qb5+ 1-0

[Event "Menchik Memorial 10th"]
[Site "London"]
[Date "2025.03.24"]
[Round "9.4"]
[White "Unuk, Laura"]
[Black "Navrotescu, Andreea"]
[Result "1/2-1/2"]
[WhiteElo "2301"]
[BlackElo "2288"]
[PlyCount "60"]
[EventDate "2025.03.20"]
[EventType "tourn"]
[EventRounds "9"]
[EventCountry "ENG"]
[EventCategory "2"]
[SourceTitle "BritBase"]
[Source "John Saunders"]
[SourceDate "2025.03.26"]
[SourceVersion "1"]
[SourceVersionDate "2025.03.26"]
[SourceQuality "1"]

1. d4 Nf6 2. Bf4 d5 3. e3 e6 4. Nf3 c5 5. Nbd2 Bd6 6. Ne5 O-O 7. c3 Qc7 8. Bd3 Nbd7 9. Ndf3 b6 10. O-O Bb7 11. Rc1 Rad8 12. Nxd7 Nxd7 13. Bg3 Bxg3 14. hxg3 e5 15. Nxe5 Nxe5 16. dxe5 Qxe5 17. Qf3 Rd7 18. Rfd1 Rfd8 19. Qf5 Qxf5 20. Bxf5 Rd6 21. Bg4 g6 22. Rd2 d4 23. cxd4 cxd4 24. Rc7 Bc6 25. Rxd4 Rxd4 26. exd4 Rxd4 27. Be2 Bd5 28. Rxa7 Rd2 29. Bf3 Bxf3 30. gxf3 Rxb2 1/2-1/2

[Event "Menchik Memorial 10th"]
[Site "London"]
[Date "2025.03.24"]
[Round "9.5"]
[White "Mirzoeva, Elmira"]
[Black "Van Foreest, Machteld"]
[Result "0-1"]
[WhiteElo "2272"]
[BlackElo "2352"]
[PlyCount "64"]
[EventDate "2025.03.20"]
[EventType "tourn"]
[EventRounds "9"]
[EventCountry "ENG"]
[EventCategory "2"]
[SourceTitle "BritBase"]
[Source "John Saunders"]
[SourceDate "2025.03.26"]
[SourceVersion "1"]
[SourceVersionDate "2025.03.26"]
[SourceQuality "1"]

1. d4 Nf6 2. c4 e6 3. Nf3 d5 4. a3 Be7 5. Bf4 O-O 6. e3 c6 7. Nc3 b6 8. Qc2 Bb7 9. cxd5 Nxd5 10. Nxd5 cxd5 11. Bd3 h6 12. Ne5 Qc8 13. Qd2 Ba6 14. Rc1 Qb7 15. Ng6 Bxd3 16. Nxf8 Bc4 17. Nxe6 fxe6 18. Qc2 Nd7 19. f3 Bh4+ 20. g3 Bf6 21. b3 Ba6 22. Qg6 Nf8 23. Qg4 Rc8 24. Kd2 Kh8 25. Bd6 Rxc1 26. Rxc1 Qd7 27. Bxf8 Qb5 28. Kc3 Qd3+ 29. Kb2 Qxe3 30. Rc2 Bxd4+ 31. Ka2 Bd3 32. Rg2 Qc1 0-1